К вопросу определения показателя изученности месторождения и ошибки аналогии по способу вторых разностей; Известия вузов. Горный журнал; № 6

Detalhes bibliográficos
Parent link:Известия вузов. Горный журнал.— , 1958-1996
№ 6.— 1959.— С. 9-13
Autor principal: Волков А. И.
Idioma:russo
Publicado em: 1959
Assuntos:
Formato: MixedMaterials Capítulo de Livro
KOHA link:https://koha.lib.tpu.ru/cgi-bin/koha/opac-detail.pl?biblionumber=582846

MARC

LEADER 00000naa2a2200000 4500
001 582846
005 20231101130933.0
035 |a (RuTPU)RU\TPU\prd\283651 
035 |a RU\TPU\tpu\5973 
090 |a 582846 
100 |a 20190405d1959 k y0rusy50 ca 
101 0 |a rus 
102 |a RU 
200 1 |a К вопросу определения показателя изученности месторождения и ошибки аналогии по способу вторых разностей  |f А. И. Волков 
461 |0 (RuTPU)RU\TPU\prd\186  |t Известия вузов. Горный журнал  |d 1958-1996 
463 |0 (RuTPU)RU\TPU\prd\171206  |t № 6  |v С. 9-13  |d 1959 
610 1 |a горное дело 
610 1 |a труды учёных ТПУ 
700 1 |a Волков  |b А. И. 
801 0 |a RU  |b 63413507  |c 20011210  |g PSBO 
801 2 |a RU  |b 63413507  |c 20190405  |g PSBO 
942 |c BK